<?xml version='1.0' encoding='UTF-8'?>
  <record xmlns="http://www.loc.gov/MARC21/slim">
    <leader>00000ctm a2200000 i 4500</leader>
    <controlfield tag="001">on1051211577</controlfield>
    <controlfield tag="003">OCoLC</controlfield>
    <controlfield tag="005">20250927205919.2</controlfield>
    <controlfield tag="008">180910m16521669ne     f      000 0 dut d</controlfield>
    <datafield tag="040" ind1=" " ind2=" ">
      <subfield code="a">QGJ</subfield>
      <subfield code="b">eng</subfield>
      <subfield code="e">rda</subfield>
      <subfield code="e">dcrmmss</subfield>
      <subfield code="c">QGJ</subfield>
      <subfield code="d">OCLCF</subfield>
      <subfield code="d">QGJ</subfield>
      <subfield code="d">OCLCQ</subfield>
      <subfield code="d">OCLCO</subfield>
      <subfield code="d">OCLCL</subfield>
      <subfield code="d">OCLCO</subfield>
    </datafield>
    <datafield tag="035" ind1=" " ind2=" ">
      <subfield code="a">(OCoLC)1051211577</subfield>
    </datafield>
    <datafield tag="100" ind1="1" ind2=" ">
      <subfield code="a">Lodensteyn, Jodocus van,</subfield>
      <subfield code="d">1620-1677,</subfield>
      <subfield code="e">author.</subfield>
      <subfield code="4">aut</subfield>
      <subfield code="1">https://id.oclc.org/worldcat/entity/E39PBJhCCwKxGmkyKrFcybK68C</subfield>
    </datafield>
    <datafield tag="242" ind1="1" ind2="0">
      <subfield code="a">Religious songs, 1652-1669.</subfield>
      <subfield code="y">eng</subfield>
    </datafield>
    <datafield tag="245" ind1="1" ind2="0">
      <subfield code="a">Geestelijke liederen, 1652-1669 /</subfield>
      <subfield code="c">[door Jodocus van Lodensteyn],</subfield>
      <subfield code="f">UBU Hs. 1343 (Hs 7 E 4)</subfield>
    </datafield>
    <datafield tag="264" ind1=" " ind2="0">
      <subfield code="a">[The Netherlands],</subfield>
      <subfield code="c">[between 1652 and 1669]</subfield>
    </datafield>
    <datafield tag="300" ind1=" " ind2=" ">
      <subfield code="a">140 leaves :</subfield>
      <subfield code="b">notated music ;</subfield>
      <subfield code="c">approximately 175 x 135 mm</subfield>
    </datafield>
    <datafield tag="336" ind1=" " ind2=" ">
      <subfield code="a">text</subfield>
      <subfield code="b">txt</subfield>
      <subfield code="2">rdacontent</subfield>
    </datafield>
    <datafield tag="337" ind1=" " ind2=" ">
      <subfield code="a">unmediated</subfield>
      <subfield code="b">n</subfield>
      <subfield code="2">rdamedia</subfield>
    </datafield>
    <datafield tag="338" ind1=" " ind2=" ">
      <subfield code="a">volume</subfield>
      <subfield code="b">nc</subfield>
      <subfield code="2">rdacarrier</subfield>
    </datafield>
    <datafield tag="340" ind1=" " ind2=" ">
      <subfield code="a">paper</subfield>
      <subfield code="2">rdamat</subfield>
      <subfield code="k">15-30 lines</subfield>
    </datafield>
    <datafield tag="500" ind1=" " ind2=" ">
      <subfield code="a">Title from: P.A. Tiele, Catalogus codicum manu scriptorum Bibliothecae Universitatis Rheno-Trajectinae.</subfield>
    </datafield>
    <datafield tag="500" ind1=" " ind2=" ">
      <subfield code="a">Only fol. 1r ("Almagtig vaderlief die mij van kintsbeen aen"; melody: "Onder de linde groene ... ") with musical score.</subfield>
    </datafield>
    <datafield tag="500" ind1=" " ind2=" ">
      <subfield code="a">Blank leaves between fol. 123-124; fol. 127 blank.</subfield>
    </datafield>
    <datafield tag="500" ind1=" " ind2=" ">
      <subfield code="a">Autograph.</subfield>
    </datafield>
    <datafield tag="500" ind1=" " ind2=" ">
      <subfield code="a">"Toesang der vromen in het vaderland ..." later published in: J. van Lodensteyns Uyt-spanningen, behelsende eenige stigtelyke liederen en andere gedigten, verdeeld in vier deelen ..., 1676</subfield>
    </datafield>
    <datafield tag="505" ind1="2" ind2=" ">
      <subfield code="a">"De verlossinge des Heeren der Vereenigde Nederlanden 's jaers 1629." (fol. 54r-57r), (Incipit: "O! Utrecht doe gy 't vuyrige lant ... ") -- "Toesang der vromen in het vaderland op den voorsang van Gerardus Holckenburgh en Maria van Waalre op hare reyse nae Oostindien." (fol. 67v-70r), (Incipit:"Laat uw gena Genadig Heer! ontbinden") -- "Aldus song D. Samuel Doreslaar op Matth. 27:45-47. 'K sag in uw hooghste nood ..." (fol. 113v-114r).</subfield>
    </datafield>
    <datafield tag="520" ind1="2" ind2=" ">
      <subfield code="a">Collection of religious songs, psalms and meditations.</subfield>
    </datafield>
    <datafield tag="524" ind1="8" ind2=" ">
      <subfield code="a">Cite as: Universiteitsbibliotheek Utrecht Hs 7 E 4.</subfield>
    </datafield>
    <datafield tag="563" ind1=" " ind2=" ">
      <subfield code="a">White parchment binding.</subfield>
    </datafield>
    <datafield tag="581" ind1=" " ind2=" ">
      <subfield code="a">P.A. Tiele, Catalogus codicum manu scriptorum Bibliothecae Universitatis Rheno-Trajectinae. I. Trajecti ad Rhenum / Hagae Comitis 1887. P. 320.</subfield>
    </datafield>
    <datafield tag="581" ind1=" " ind2=" ">
      <subfield code="a">H. Florijn, "Een vergeten dominee in een onbekend handschrift", In: Reformatorisch Dagblad, 30 augustus 2018.</subfield>
    </datafield>
    <datafield tag="600" ind1="1" ind2="4">
      <subfield code="a">Doreslaar, Samuel,</subfield>
      <subfield code="d">-1652</subfield>
    </datafield>
    <datafield tag="600" ind1="1" ind2="4">
      <subfield code="a">Holckenburgh, Gerardus,</subfield>
      <subfield code="d">1636-1662</subfield>
    </datafield>
    <datafield tag="600" ind1="1" ind2="4">
      <subfield code="a">Waalre, Maria van,</subfield>
      <subfield code="d">-1661</subfield>
    </datafield>
    <datafield tag="655" ind1=" " ind2="7">
      <subfield code="a">Autograph verse</subfield>
      <subfield code="2">fast</subfield>
    </datafield>
    <datafield tag="655" ind1=" " ind2="7">
      <subfield code="a">Autograph verse.</subfield>
      <subfield code="2">lcgft</subfield>
    </datafield>
    <datafield tag="710" ind1="2" ind2=" ">
      <subfield code="a">Utrechts Archief,</subfield>
      <subfield code="e">former owner.</subfield>
      <subfield code="4">fmo</subfield>
      <subfield code="1">https://id.oclc.org/worldcat/entity/E39QQPVp7WprXvJp94kFj8Cq6g</subfield>
      <subfield code="5">NL-UtRU</subfield>
    </datafield>
    <datafield tag="710" ind1="2" ind2=" ">
      <subfield code="a">Universiteit Utrecht.</subfield>
      <subfield code="b">Bibliotheek.</subfield>
      <subfield code="k">Manuscript</subfield>
      <subfield code="n">(Hs. 1343 (Hs 7 E 4th))</subfield>
    </datafield>
    <datafield tag="758" ind1=" " ind2=" ">
      <subfield code="i">has work:</subfield>
      <subfield code="a">Geestelijke liederen, 1652-1669 UBU Hs. 1343 (Hs 7 E 4) (Text)</subfield>
      <subfield code="1">https://id.oclc.org/worldcat/entity/E39PCFMxVw4TkTbPF8FqwP6yq3</subfield>
      <subfield code="4">https://id.oclc.org/worldcat/ontology/hasWork</subfield>
    </datafield>
  </record>